|
|
|
|
| LEADER |
00000cam a22000004a 4500 |
| 001 |
musev2_3940 |
| 003 |
MdBmJHUP |
| 005 |
20230905040504.0 |
| 006 |
m o d |
| 007 |
cr||||||||nn|n |
| 008 |
010516s2002 inu o 00 0 eng d |
| 010 |
|
|
|z 2001002951
|
| 020 |
|
|
|a 9780253109248
|
| 020 |
|
|
|z 0253109248
|
| 020 |
|
|
|z 9780253340375
|
| 035 |
|
|
|a (OCoLC)51074550
|
| 040 |
|
|
|a MdBmJHUP
|c MdBmJHUP
|
| 050 |
0 |
4 |
|a GE195
|b .K57 2002
|
| 082 |
0 |
|
|a 304.2/01
|2 21
|
| 100 |
1 |
|
|a Kirkman, Robert,
|d 1968-
|
| 245 |
1 |
0 |
|a Skeptical Environmentalism :
|b The Limits of Philosophy and Science /
|c Robert Kirkman.
|
| 264 |
|
1 |
|a Bloomington :
|b Indiana University Press,
|c 2002.
|
| 264 |
|
3 |
|a Baltimore, Md. :
|b Project MUSE,
|c 2012
|
| 264 |
|
4 |
|c ©2002.
|
| 300 |
|
|
|a 1 online resource (224 pages).
|
| 336 |
|
|
|a text
|b txt
|2 rdacontent
|
| 337 |
|
|
|a computer
|b c
|2 rdamedia
|
| 338 |
|
|
|a online resource
|b cr
|2 rdacarrier
|
| 504 |
|
|
|a Includes bibliographical references (p. [193]-201) and index.
|
| 588 |
|
|
|a Description based on print version record.
|
| 650 |
|
0 |
|a Environmental responsibility.
|
| 650 |
|
0 |
|a Environmental ethics.
|
| 650 |
|
0 |
|a Environmentalism
|x Philosophy.
|
| 655 |
|
7 |
|a Electronic books.
|2 local
|
| 710 |
2 |
|
|a Project Muse.
|e distributor
|
| 830 |
|
0 |
|a Book collections on Project MUSE.
|
| 856 |
4 |
0 |
|z Texto completo
|u https://projectmuse.uam.elogim.com/book/3940/
|
| 945 |
|
|
|a Project MUSE - Custom Collection
|
| 945 |
|
|
|a Project MUSE - Archive Complete Foundation
|
| 945 |
|
|
|a Project MUSE - Archive Philosophy and Religion Foundation
|